| Tag |
First Indicator |
Second Indicator |
Subfields |
| LEADER |
00000cgm a22000001a 4500 |
| 001 |
in00000028938 |
| 005 |
20151007054742.0 |
| 007 |
vf bbaho| |
| 008 |
850325c19831964xxu051|d||||| 0vleng c |
| 010 |
|
|
|a 83706544
|
| 035 |
|
|
|a (OCoLC)12023141
|
| 035 |
|
|
|9 AAB6120AM
|
| 040 |
|
|
|a Social Studies School Service
|c DLC
|d TXA
|d UtOrBLW
|
| 043 |
|
|
|a e-gx---
|a n-us---
|
| 049 |
|
|
|a TXAV
|c [A10153292]
|
| 050 |
|
4 |
|a E748.T2
|b R62 1983
|
| 082 |
1 |
0 |
|a 341.6
|2 11
|
| 245 |
0 |
0 |
|a Robert A. Taft /
|c Robert Saudek Associates ; producer, Robert Saudek.
|
| 264 |
|
1 |
|a Culver City, Ca :
|b Social Studies School Service,
|c 1983
|
| 264 |
|
4 |
|c ©1964
|
| 300 |
|
|
|a 1 videocassette (51 min.) :
|b sound, black and white ;
|c 1/2 in.
|
| 336 |
|
|
|a two-dimensional moving image
|b tdi
|2 rdacontent
|
| 337 |
|
|
|a video
|b v
|2 rdamedia
|
| 338 |
|
|
|a videocassette
|b vf
|2 rdacarrier
|
| 500 |
|
|
|a Title on container: Profiles in courage, Robert A. Taft.
|
| 511 |
1 |
|
|a Lee Tracy, Loring Smith, Lou Frizzell, Louise Lorimer, George Furth.
|
| 508 |
|
|
|a Photography, Philip Lathrop ; editor, Bill Mosher ; music, Nelson Riddle ; consultants, Theodore Sorenson, Allan Nevins.
|
| 500 |
|
|
|a Segment from the NBC television program: Profiles in courage.
|
| 500 |
|
|
|a Based on the book: Profiles in courage / John F. Kennedy.
|
| 500 |
|
|
|a VHS format.
|
| 500 |
|
|
|a Intended audience: Intermediate grades through senior high school.
|
| 521 |
|
|
|a Texas History.
|
| 521 |
|
|
|a U.S. History.
|
| 520 |
|
|
|a Dramatizes Senator Robert A. Taft's courage in condemning the Nuremberg war crimes trials because of his belief that it was unjust to hold the trials under an ex post facto law. Evaluates Taft's judgment in terms of equal justice under law and the concept of international law.
|
| 500 |
|
|
|a Videorecording.
|
| 600 |
1 |
0 |
|a Taft, Robert A.
|q (Robert Alphonso),
|d 1889-1953.
|
| 610 |
1 |
0 |
|a United States.
|b Congress.
|b Senate
|x Biography.
|
| 650 |
|
0 |
|a Nuremberg Trial of Major German War Criminals, Nuremberg, Germany, 1945-1946.
|
| 650 |
|
0 |
|a Legislators
|z United States
|v Biography.
|
| 700 |
1 |
|
|a Kennedy, John F.
|q (John Fitzgerald),
|d 1917-1963.
|t Profiles in courage.
|
| 710 |
2 |
|
|a Robert Saudek Associates.
|
| 710 |
2 |
|
|a Social Studies School Service.
|
| 730 |
0 |
|
|a Profiles in courage (Television program)
|
| 740 |
0 |
|
|a Profiles in courage, Robert A. Taft.
|
| 999 |
|
|
|a MARS
|
| 999 |
f |
f |
|s 0bf58047-eb2a-3c1d-a37d-cc0226c5e256
|i e21d8b07-643b-330c-b742-f982d0d09345
|t 0
|
| 952 |
f |
f |
|a Texas A&M University
|b College Station
|c Sterling C. Evans Library
|d Evans: Media and Reserves (Annex 1st floor)
|t 0
|e E748.T2 R62 1983
|h Library of Congress classification
|
| 998 |
f |
f |
|a E748.T2 R62 1983
|t 0
|l Evans: Media and Reserves (Annex 1st floor)
|